000 00435 a2200169 4500
020 _a9788131703908
024 _a9788131703908
082 _a332.1
090 _c6835
_d6835
100 _aFabozzi,Frank J
245 _aFoundations of Financial Markets and Institutions.
_cFrank J.Fabozzi
250 _a3rd.
260 _aIndia
_bPearson Education
_c2002
300 _a663p.
500 _aPaper cover
942 _aNBS
_cBK
_k332.1 FAB
999 _c349175
_d349175